000 00324nam a2200133Ia 4500
003 OSt
005 20240212101837.0
008 170524s9999 xx 000 0 und d
020 _a9781259026713
040 _cIIMT UNIVERSITY MEERUT
100 _aO BRIEN - JAMES-A
245 0 _aMANAGEMENT INFORMATION SYSTEM
942 _2ddc
_c02
999 _c4377
_d4377